[Event "Tras-os-Montes op"]
[Site "Mirandela POR"]
[Date "2022.08.23"]
[Round "9.6"]
[White "Checa, Nicolas"]
[Black "Gedajlovic, Max"]
[Result "0-1"]
[WhiteElo "2526"]
[BlackElo "2316"]
[PlyCount "92"]
[EventDate "2022.08.17"]
[EventType "swiss"]
[EventRounds "9"]
[EventCountry "POR"]
[Source "ChessMix"]
[SourceDate "2022.09.01"]

1. d4 Nf6 2. c4 e6 3. Nf3 h6 4. g3 Bb4+ 5. Bd2 Be7 6. Bg2 O-O 7. O-O d5 8. Qc2
Nbd7 9. b3 b6 10. cxd5 Nxd5 11. Nc3 Ba6 12. Rfe1 c5 13. Nxd5 exd5 14. dxc5 bxc5
15. e4 d4 16. e5 Nb6 17. Qe4 Qd7 18. Nh4 Bxh4 19. Qxh4 Bb7 20. Bxb7 Qxb7 21.
Rac1 Rac8 22. b4 c4 23. Qxd4 Rfd8 24. Qf4 Rd3 25. Be3 Nd5 26. Qe4 Qxb4 27. Bxh6
Rc6 28. Rb1 Qf8 29. Be3 Qc8 30. Bd4 Nb6 31. Rec1 Rd2 32. a4 c3 33. a5 c2 34.
Ra1 Nd5 35. e6 fxe6 36. Be5 Qf8 37. Qe1 Qb4 38. Ra2 Rc4 39. Bd6 Re4 40. Bxb4
Rxe1+ 41. Rxe1 Nxb4 42. Rxc2 Rxc2 43. Rxe6 Rc5 44. h4 Rxa5 45. Kg2 Kf7 46. Rd6
Rd5 0-1

[Event "Hollywood Norm Classic #1"]
[Site "Los Angeles USA"]
[Date "2022.07.20"]
[Round "1.4"]
[White "Gedajlovic, Max"]
[Black "Yim, Sung Ho"]
[Result "1/2-1/2"]
[WhiteElo "2325"]
[BlackElo "2207"]
[PlyCount "43"]
[EventDate "2022.07.20"]
[EventType "tourn"]
[EventRounds "9"]
[EventCountry "USA"]
[EventCategory "2"]
[Source "ChessMix"]
[SourceDate "2022.08.01"]

1. e4 e5 2. Nf3 Nc6 3. Bc4 Bc5 4. c3 Nf6 5. d4 exd4 6. e5 d5 7. Bb5 Ne4 8. cxd4
Bb6 9. Nc3 O-O 10. Be3 Bg4 11. Rc1 Nxc3 12. bxc3 f6 13. exf6 Qxf6 14. Be2 Bxf3
15. Bxf3 Ne7 16. O-O c6 17. Qd2 Nf5 18. Rce1 Bc7 19. Bg5 Qg6 20. Bg4 h6 21. Bf4
Nd6 22. Bxd6 1/2-1/2

[Event "Hollywood Norm Classic #1"]
[Site "Los Angeles USA"]
[Date "2022.07.21"]
[Round "2.2"]
[White "Bitoon, Richard"]
[Black "Gedajlovic, Max"]
[Result "1-0"]
[WhiteElo "2433"]
[BlackElo "2325"]
[PlyCount "97"]
[EventDate "2022.07.20"]
[EventType "tourn"]
[EventRounds "9"]
[EventCountry "USA"]
[EventCategory "2"]
[Source "ChessMix"]
[SourceDate "2022.08.01"]

1. e4 e5 2. Bc4 Nc6 3. Nf3 Bc5 4. c3 Nf6 5. d4 exd4 6. e5 d5 7. Bb5 Ne4 8. cxd4
Bb6 9. O-O O-O 10. h3 f6 11. Nc3 Nxd4 12. Nxd4 Nxc3 13. bxc3 fxe5 14. Nc2 Be6
15. Be2 Qh4 16. Ne3 Rad8 17. Bg4 Bf7 18. Ba3 Rfe8 19. g3 Qh6 20. Qf3 e4 21. Qe2
Qf6 22. Rac1 Qe5 23. h4 c5 24. Kh2 Kh8 25. Qb5 h5 26. Bh3 Qc7 27. Rfd1 Rf8 28.
Qe2 Qe5 29. Rd2 Bg8 30. Re1 g6 31. Ng2 Kh7 32. Qe3 c4 33. Bc5 Bxc5 34. Qxc5
Qxc3 35. Red1 b6 36. Qb5 Qf6 37. Nf4 d4 38. Qb4 a5 39. Qa3 Rfe8 40. Bg2 c3 41.
Rxd4 Rxd4 42. Qxc3 Qxf4 43. gxf4 Rxd1 44. Qc7+ Kh6 45. f5 gxf5 46. Qf4+ Kg6 47.
Qg5+ Kf7 48. Qxh5+ Ke7 49. Qxd1 1-0

[Event "Hollywood Norm Classic #1"]
[Site "Los Angeles USA"]
[Date "2022.07.22"]
[Round "4.3"]
[White "Grabinsky, Aaron"]
[Black "Gedajlovic, Max"]
[Result "1/2-1/2"]
[WhiteElo "2399"]
[BlackElo "2325"]
[PlyCount "71"]
[EventDate "2022.07.20"]
[EventType "tourn"]
[EventRounds "9"]
[EventCountry "USA"]
[EventCategory "2"]
[Source "ChessMix"]
[SourceDate "2022.08.01"]

1. e4 e5 2. Nf3 Nc6 3. Nc3 Nf6 4. d4 exd4 5. Nxd4 Bb4 6. Nxc6 dxc6 7. Qxd8+
Kxd8 8. Bd2 Be6 9. f3 Ke7 10. a3 Bc5 11. Bd3 Nd7 12. f4 f6 13. h3 h6 14. Ke2
Rae8 15. Na4 Bd6 16. b4 Kd8 17. Be3 g5 18. g3 Rhg8 19. Kf2 Bf7 20. c4 Kc8 21.
Nc3 a6 22. c5 Be7 23. h4 Be6 24. Ne2 Bg4 25. Nd4 gxf4 26. gxf4 Bxc5 27. bxc5
Nxc5 28. Bc2 Nxe4+ 29. Bxe4 Rxe4 30. Rac1 Rd8 31. Rhg1 h5 32. Nc2 Rd3 33. Rg3
c5 34. Ne1 Rxa3 35. Rxc5 Ra1 36. Rg1 1/2-1/2

[Event "Hollywood Norm Classic #1"]
[Site "Los Angeles USA"]
[Date "2022.07.22"]
[Round "5.4"]
[White "Gedajlovic, Max"]
[Black "Maiti, Milind"]
[Result "1/2-1/2"]
[WhiteElo "2325"]
[BlackElo "2316"]
[PlyCount "45"]
[EventDate "2022.07.20"]
[EventType "tourn"]
[EventRounds "9"]
[EventCountry "USA"]
[EventCategory "2"]
[Source "ChessMix"]
[SourceDate "2022.08.01"]

1. e4 e5 2. Nf3 Nf6 3. d4 Nxe4 4. Bd3 d5 5. Nxe5 Nd7 6. Nxd7 Bxd7 7. O-O Be7 8.
c4 Nf6 9. Nc3 c6 10. Bg5 dxc4 11. Bxc4 O-O 12. Re1 h6 13. Bf4 Bg4 14. Qd3 Bh5
15. Be5 Kh8 16. Qg3 Bg6 17. Rad1 Bb4 18. Qf4 Kh7 19. d5 Bxc3 20. Bxc3 Nxd5 21.
Bxd5 cxd5 22. Qd4 f6 23. Qxd5 1/2-1/2

[Event "Hollywood Norm Classic #1"]
[Site "Los Angeles USA"]
[Date "2022.07.23"]
[Round "6.4"]
[White "Hakobyan, Eduard"]
[Black "Gedajlovic, Max"]
[Result "1/2-1/2"]
[WhiteElo "2329"]
[BlackElo "2325"]
[PlyCount "54"]
[EventDate "2022.07.20"]
[EventType "tourn"]
[EventRounds "9"]
[EventCountry "USA"]
[EventCategory "2"]
[Source "ChessMix"]
[SourceDate "2022.08.01"]

1. e4 e6 2. d4 d5 3. Nc3 Nc6 4. Nf3 Nf6 5. e5 Nd7 6. Bf4 Be7 7. Qd2 O-O 8.
O-O-O Nb6 9. h4 Na5 10. Bd3 Nbc4 11. Qe2 f5 12. exf6 Rxf6 13. Bg5 Rf8 14. Bxe7
Qxe7 15. Nxd5 Qd6 16. Ne3 b5 17. Nxc4 bxc4 18. Bxc4 Nxc4 19. Qxc4 Bb7 20. Qe2
Rf4 21. Ng5 Bxg2 22. Rhg1 Bd5 23. Qd3 Rxh4 24. Kb1 Qf4 25. Rde1 Qxd4 26. Qxd4
Rxd4 27. Nxe6 Bxe6 1/2-1/2

[Event "Hollywood Norm Classic #1"]
[Site "Los Angeles USA"]
[Date "2022.07.23"]
[Round "7.4"]
[White "Gedajlovic, Max"]
[Black "Chen, Ryo"]
[Result "1/2-1/2"]
[WhiteElo "2325"]
[BlackElo "2242"]
[PlyCount "81"]
[EventDate "2022.07.20"]
[EventType "tourn"]
[EventRounds "9"]
[EventCountry "USA"]
[EventCategory "2"]
[Source "ChessMix"]
[SourceDate "2022.08.01"]

1. e4 c5 2. Nf3 d6 3. Bb5+ Nd7 4. a4 Ngf6 5. Nc3 g6 6. a5 Bg7 7. O-O a6 8. Bc4
O-O 9. Re1 b5 10. axb6 Bb7 11. d3 Nxb6 12. Ba2 a5 13. Bg5 Nfd7 14. Qd2 Kh8 15.
h4 f6 16. Be3 Ne5 17. Nxe5 fxe5 18. Ne2 Qd7 19. Ng3 Qg4 20. Bg5 Bf6 21. Qe2 Bc8
22. Bd5 Nxd5 23. Qxg4 Bxg4 24. exd5 Bxg5 25. hxg5 Bd7 26. b3 Rfb8 27. Ne4 a4
28. bxa4 Rxa4 29. Nc3 Rxa1 30. Rxa1 Rb7 31. Kf1 Kg7 32. Ke2 Be8 33. Ne4 Bf7 34.
c4 Be8 35. Ke3 Bd7 36. f3 Bf5 37. Nf2 Bd7 38. Ra8 Kf7 39. Rh8 Kg7 40. Rd8 Bf5
41. g4 1/2-1/2

[Event "Hollywood Norm Classic #1"]
[Site "Los Angeles USA"]
[Date "2022.07.24"]
[Round "8.1"]
[White "Matviishen, Viktor"]
[Black "Gedajlovic, Max"]
[Result "1/2-1/2"]
[WhiteElo "2490"]
[BlackElo "2325"]
[PlyCount "103"]
[EventDate "2022.07.20"]
[EventType "tourn"]
[EventRounds "9"]
[EventCountry "USA"]
[EventCategory "2"]
[Source "ChessMix"]
[SourceDate "2022.08.01"]

1. d4 Nf6 2. Nf3 e6 3. c4 a6 4. Nc3 d5 5. cxd5 exd5 6. Bf4 Bd6 7. Be5 c6 8. e3
Bxe5 9. Nxe5 Nbd7 10. Nxd7 Bxd7 11. Bd3 O-O 12. O-O Qe7 13. Rb1 a5 14. a3 b6
15. Qf3 Qd6 16. Rfc1 c5 17. dxc5 bxc5 18. Qg3 Qxg3 19. hxg3 Rab8 20. Rd1 Rfd8
21. Rd2 Bc6 22. Rbd1 Kf8 23. Be2 Ke7 24. Bf3 Ke6 25. Ne2 Bb7 26. Nf4+ Ke5 27.
Rc1 Rdc8 28. Nd3+ Kd6 29. e4 dxe4 30. Nxc5+ Ke5 31. Be2 Bd5 32. b4 axb4 33.
axb4 Be6 34. b5 Nd5 35. Rc4 f5 36. Nxe6 Kxe6 37. Rcd4 Nc3 38. Bc4+ Kf6 39. Rd6+
Kg5 40. Rc6 e3 41. fxe3 Ne4 42. Rd7 Rxc6 43. bxc6 Rb1+ 44. Kh2 Rc1 45. Be2 Rxc6
46. Rxg7+ Kh6 47. Re7 Nf6 48. Re5 Kg6 49. g4 Nxg4+ 50. Bxg4 fxg4 51. Kg3 Rc2
52. Kxg4 1/2-1/2

[Event "Hollywood Norm Classic #1"]
[Site "Los Angeles USA"]
[Date "2022.07.24"]
[Round "9.5"]
[White "Fong, Kevin"]
[Black "Gedajlovic, Max"]
[Result "1/2-1/2"]
[WhiteElo "2016"]
[BlackElo "2325"]
[PlyCount "50"]
[EventDate "2022.07.20"]
[EventType "tourn"]
[EventRounds "9"]
[EventCountry "USA"]
[EventCategory "2"]
[Source "ChessMix"]
[SourceDate "2022.08.01"]

1. e4 e5 2. Nf3 Nc6 3. Nc3 Nf6 4. d4 exd4 5. Nxd4 Bb4 6. Nxc6 bxc6 7. Bd3 O-O
8. O-O d5 9. exd5 Bg4 10. Ne2 cxd5 11. c4 Re8 12. Qc2 h6 13. h3 dxc4 14. Bxc4
Be6 15. Bb5 Bd7 16. Rd1 Bd6 17. Bd3 Qe7 18. Bf4 Bxf4 19. Nxf4 Qe5 20. Ne2 Rab8
21. b3 a5 22. Ng3 a4 23. Rac1 axb3 24. axb3 Be6 25. Qxc7 Qxc7 1/2-1/2

[Event "4NCL Congress"]
[Site "Harrogate ENG"]
[Date "2022.12.18"]
[Round "1.23"]
[White "Gedajlovic, Max"]
[Black "Bacus, Dharim"]
[Result "1-0"]
[WhiteElo "2398"]
[BlackElo "2146"]
[PlyCount "137"]
[EventDate "2022.01.21"]
[EventType "swiss"]
[EventRounds "5"]
[EventCountry "ENG"]
[Source "ChessMix"]
[SourceDate "2023.01.01"]

1. d4 Nf6 2. c4 e6 3. Nf3 d5 4. Nc3 Bb4 5. e3 O-O 6. Bd2 c6 7. Bd3 c5 8. cxd5
cxd4 9. Nxd4 exd5 10. O-O Nc6 11. Nce2 Bxd2 12. Qxd2 Nxd4 13. Nxd4 a6 14. Qb4
Re8 15. Rac1 Qe7 16. Qb6 Qd8 17. Qc7 g6 18. h3 Qxc7 19. Rxc7 Kf8 20. Rfc1 Rd8
21. Be2 Ne8 22. R7c5 Be6 23. Bf3 Rd6 24. R1c3 Rad8 25. Rb3 Bc8 26. Ne2 b6 27.
Rc1 Bb7 28. Nf4 R8d7 29. Rd3 Ke7 30. Rcd1 Nc7 31. g4 Bc6 32. Kh2 Kf6 33. Kg3
Ke5 34. g5 f5 35. R3d2 Bb5 36. h4 a5 37. h5 gxh5 38. Rh1 Ne6 39. Rxh5 Rg7 40.
Nxe6 Kxe6 41. Kf4 Be8 42. Rh1 Rc7 43. b3 a4 44. Rh6+ Bg6 45. Bh5 Rg7 46. Bd1
axb3 47. Bxb3 Rc7 48. f3 Rf7 49. Rh1 Rc7 50. Rhd1 Rc5 51. Rd4 Ke7 52. Rxd5
Rdxd5 53. Rxd5 Rc1 54. Re5+ Kd6 55. Re6+ Kc7 56. Re7+ Kd6 57. Rb7 Kc6 58. Rb8
Kc7 59. Rg8 Kd6 60. Rg7 Rb1 61. Bg8 Rb4+ 62. Kg3 Ra4 63. Bxh7 Bxh7 64. Rxh7
Rxa2 65. Kf4 b5 66. g6 Rg2 67. Kxf5 Kc6 68. g7 b4 69. Rh6+ 1-0

[Event "4NCL Congress"]
[Site "Harrogate ENG"]
[Date "2022.12.19"]
[Round "2.2"]
[White "Gledura, Benjamin"]
[Black "Gedajlovic, Max"]
[Result "1/2-1/2"]
[WhiteElo "2644"]
[BlackElo "2398"]
[PlyCount "77"]
[EventDate "2022.01.21"]
[EventType "swiss"]
[EventRounds "5"]
[EventCountry "ENG"]
[Source "ChessMix"]
[SourceDate "2023.01.01"]

1. d4 Nf6 2. c4 e6 3. Nc3 Bb4 4. e3 O-O 5. a3 Bxc3+ 6. bxc3 d6 7. f3 c5 8. e4
Nc6 9. Be3 Qc7 10. Bd3 b6 11. Qe2 e5 12. d5 Ne7 13. Qd2 Nh5 14. g4 Nf4 15. Bxf4
exf4 16. Ne2 Ng6 17. Nxf4 Ne5 18. O-O Qe7 19. Ng2 Qf6 20. Kh1 Re8 21. Rae1 g5
22. Be2 Ng6 23. Bd1 Ba6 24. Ne3 Qf4 25. Ba4 Re7 26. Qf2 Rd8 27. Qg3 Qf6 28. Rc1
Re5 29. Bc6 Bc8 30. a4 Nf4 31. Rb1 Re7 32. Rb3 Kg7 33. a5 Rh8 34. axb6 axb6 35.
Rxb6 h5 36. Rb8 Ra7 37. Rxc8 Rxc8 38. gxh5 Kh7 39. Qg4 1/2-1/2

[Event "4NCL Congress"]
[Site "Harrogate ENG"]
[Date "2022.12.19"]
[Round "3.6"]
[White "Gedajlovic, Max"]
[Black "Liang, Awonder"]
[Result "0-1"]
[WhiteElo "2398"]
[BlackElo "2630"]
[PlyCount "56"]
[EventDate "2022.01.21"]
[EventType "swiss"]
[EventRounds "5"]
[EventCountry "ENG"]
[Source "ChessMix"]
[SourceDate "2023.01.01"]

1. d4 Nf6 2. c4 e6 3. Nf3 d5 4. Nc3 Bb4 5. Qa4+ Nc6 6. e3 O-O 7. Bd2 Re8 8. a3
Bf8 9. Qc2 h6 10. h3 e5 11. dxe5 Nxe5 12. Nxe5 Rxe5 13. cxd5 Nxd5 14. Bd3 Nf4
15. Bh7+ Kh8 16. Be4 Rxe4 17. Nxe4 Nxg2+ 18. Kf1 Nh4 19. Ng3 b6 20. Bc3 Ba6+
21. Kg1 Bb7 22. e4 Qg5 23. Qe2 f5 24. exf5 Nxf5 25. Qe5 Bc5 26. Kh2 Bd6 27. h4
Qxh4+ 28. Kg1 Bxe5 0-1

[Event "4NCL Congress"]
[Site "Harrogate ENG"]
[Date "2022.12.20"]
[Round "4.16"]
[White "Homa, Seth"]
[Black "Gedajlovic, Max"]
[Result "0-1"]
[WhiteElo "2244"]
[BlackElo "2398"]
[PlyCount "94"]
[EventDate "2022.01.21"]
[EventType "swiss"]
[EventRounds "5"]
[EventCountry "ENG"]
[Source "ChessMix"]
[SourceDate "2023.01.01"]

1. b3 e5 2. Bb2 Nc6 3. c4 Nge7 4. e3 d5 5. cxd5 Nxd5 6. a3 Be6 7. Qc2 Qd7 8.
Nf3 f6 9. b4 a6 10. Nc3 Nxc3 11. Bxc3 Bf5 12. d3 Rd8 13. Rd1 a5 14. b5 Ne7 15.
e4 Bg4 16. a4 Ng6 17. h4 Bc5 18. Bxa5 b6 19. Bd2 O-O 20. Be2 Bh5 21. Qc4+ Kh8
22. Be3 Bd6 23. Ng1 Bxe2 24. Kxe2 Qg4+ 25. Nf3 Bc5 26. h5 Bxe3 27. hxg6 Bh6 28.
gxh7 Rd4 29. Qxc7 Rc8 30. Qf7 Rd7 31. Qb3 Rdc7 32. Kf1 Rc2 33. Rh4 Qg6 34. Ne1
R2c7 35. Qe6 Bf4 36. Qxb6 Qf7 37. a5 Qb3 38. Rxf4 exf4 39. Rd2 Rc1 40. Ke2 Qb1
41. Nf3 Rh1 42. Nd4 Qe1+ 43. Kf3 Qxd2 44. Qe6 Qxd3+ 45. Kg4 Rf8 46. Qd6 Re8 47.
Nf5 Qe2+ 0-1

[Event "4NCL Congress"]
[Site "Harrogate ENG"]
[Date "2022.12.20"]
[Round "5.8"]
[White "Gedajlovic, Max"]
[Black "Burke, John M"]
[Result "1/2-1/2"]
[WhiteElo "2398"]
[BlackElo "2580"]
[PlyCount "118"]
[EventDate "2022.01.21"]
[EventType "swiss"]
[EventRounds "5"]
[EventCountry "ENG"]
[Source "ChessMix"]
[SourceDate "2023.01.01"]

1. e4 c5 2. Nf3 d6 3. d4 cxd4 4. Qxd4 Nc6 5. Qe3 g6 6. c4 Bg7 7. Nc3 Nf6 8. Be2
O-O 9. O-O Be6 10. Rb1 Qa5 11. h3 Nd7 12. Bd2 Qc5 13. Nd5 a5 14. Qb3 Qa7 15.
Be3 Nc5 16. Qd1 b6 17. Ng5 Bd7 18. f4 h6 19. Nf3 Nxe4 20. Bd3 Nc5 21. Bc2 e6
22. Nxb6 Qxb6 23. Qxd6 Rfc8 24. Qxc5 Qb8 25. Qb6 Nb4 26. Bd1 Qxb6 27. Bxb6 Rxc4
28. Ne5 Bxe5 29. fxe5 Nxa2 30. Ra1 Rb4 31. Bc5 Rxb2 32. Bd4 Rb4 33. Bf3 Ra6 34.
Bc5 Rb5 35. Be2 Rxc5 36. Bxa6 Nb4 37. Bb7 Rxe5 38. Rfd1 Bc6 39. Bxc6 Nxc6 40.
Rd7 Rb5 41. Rc7 Ne5 42. Ra7 Nc4 43. Kh2 g5 44. Rf1 Nd6 45. Rd7 Rb6 46. Ra7 Kg7
47. Rxa5 Nf5 48. Raxf5 exf5 49. Rxf5 Kg6 50. Ra5 f5 51. Kg3 Re6 52. Kf3 f4 53.
Kf2 Rb6 54. Ra3 h5 55. g3 Rb2+ 56. Kf3 Rh2 57. Ra6+ Kf5 58. Ra5+ Kf6 59. h4
gxh4 1/2-1/2

[Event "4NCL Congress"]
[Site "Harrogate ENG"]
[Date "2022.12.21"]
[Round "6.14"]
[White "Abrahamyan, Tatev"]
[Black "Gedajlovic, Max"]
[Result "0-1"]
[WhiteElo "2312"]
[BlackElo "2398"]
[PlyCount "80"]
[EventDate "2022.01.21"]
[EventType "swiss"]
[EventRounds "5"]
[EventCountry "ENG"]
[Source "ChessMix"]
[SourceDate "2023.01.01"]

1. e4 e5 2. Nf3 Nc6 3. Bc4 Nf6 4. d3 d5 5. exd5 Nxd5 6. O-O Be7 7. Re1 f6 8. a4
Bg4 9. c3 Qd7 10. a5 a6 11. b4 O-O 12. h3 Be6 13. Qb3 Bf7 14. Be3 b5 15. axb6
cxb6 16. Nbd2 b5 17. Bxd5 Bxd5 18. Qc2 Rfc8 19. Qb1 Nd8 20. c4 Bc6 21. c5 Ne6
22. Ne4 Rd8 23. Rd1 Qb7 24. Qa2 Bd5 25. Qc2 Rac8 26. Ned2 f5 27. Nxe5 f4 28.
Ndf3 fxe3 29. fxe3 Bf6 30. d4 Ng5 31. Nxg5 Bxg5 32. Re1 Bf6 33. Ng4 Bh4 34. Re2
Re8 35. Kh2 Re4 36. Ne5 Bf6 37. Ng4 Bg5 38. Rae1 Qc7+ 39. Kg1 Qg3 40. Nh2 Bxe3+
0-1

[Event "PNWCC Thanksgiving RR"]
[Site "Redmond WA USA"]
[Date "2021.11.26"]
[Round "4.3"]
[White "Gedajlovic, Max"]
[Black "Daggupati, Balaji"]
[Result "0-1"]
[WhiteElo "2327"]
[BlackElo "2442"]
[PlyCount "60"]
[EventDate "2021.11.24"]
[EventType "tourn"]
[EventRounds "9"]
[EventCountry "USA"]
[EventCategory "8"]
[Source "Mark Crowther"]
[SourceDate "2021.12.27"]

1. d4 d5 2. c4 dxc4 3. e3 Nc6 4. Bxc4 e5 5. Ne2 exd4 6. exd4 Bd6 7. Nbc3 Nf6 8.
Bg5 h6 9. Bh4 O-O 10. Qd3 Kh8 11. a3 Bg4 12. O-O Bh5 13. f4 Bxe2 14. Nxe2 Be7
15. Rac1 Qd6 16. f5 Rad8 17. Bg3 Qd7 18. Bb5 Nd5 19. b4 Bf6 20. Rc4 Rfe8 21.
Bf2 Qe7 22. Re1 Bh4 23. Ng3 Qxe1+ 24. Bxe1 Rxe1+ 25. Nf1 Ne3 26. Qe4 Rxd4 27.
Qe8+ Kh7 28. Rc1 Rxc1 29. Qxe3 Re1 30. Qc3 Rdd1 0-1

[Event "PNWCC Thanksgiving RR"]
[Site "Redmond WA USA"]
[Date "2021.11.27"]
[Round "6.4"]
[White "Gedajlovic, Max"]
[Black "Li, Eric 2007"]
[Result "1/2-1/2"]
[WhiteElo "2327"]
[BlackElo "2341"]
[PlyCount "59"]
[EventDate "2021.11.24"]
[EventType "tourn"]
[EventRounds "9"]
[EventCountry "USA"]
[EventCategory "8"]
[Source "Mark Crowther"]
[SourceDate "2021.12.27"]

1. d4 Nf6 2. c4 e6 3. Nf3 c5 4. d5 exd5 5. cxd5 d6 6. e4 g6 7. Bd3 Bg7 8. O-O
O-O 9. Nbd2 Na6 10. Re1 Re8 11. h3 Rb8 12. Bf1 Bd7 13. Rb1 Nb4 14. Ra1 b5 15.
a3 Na6 16. a4 Nb4 17. axb5 Bxb5 18. Bxb5 Rxb5 19. Nc4 Rb7 20. Bg5 h6 21. Bxf6
Bxf6 22. Qd2 Bg7 23. Rad1 Rbe7 24. Qf4 Rd7 25. e5 dxe5 26. Nfxe5 Nxd5 27. Rxd5
Rxd5 28. Qxf7+ Kh7 29. Qxg6+ Kg8 30. Qf7+ 1/2-1/2

[Event "PNWCC-Pirot Hybrid #3"]
[Site "chess.com INT"]
[Date "2021.10.23"]
[Round "1"]
[White "Gedajlovic, Max"]
[Black "Pavlovic, G1."]
[Result "1/2-1/2"]
[WhiteElo "2337"]
[BlackElo "2349"]
[PlyCount "150"]
[EventDate "2021.10.23"]
[EventType "team"]
[EventRounds "4"]
[EventCountry "NET"]
[Source "Mark Crowther"]
[SourceDate "2021.11.01"]
[WhiteTeam "PNWCC"]
[BlackTeam "Pirot"]

1. d4 Nf6 2. c4 g6 3. Nc3 Bg7 4. e4 d6 5. h3 O-O 6. Be3 Na6 7. g4 e5 8. d5 Nc5
9. f3 a5 10. Nge2 c6 11. Ng3 cxd5 12. cxd5 Bd7 13. Qd2 a4 14. h4 Qa5 15. h5
Rfc8 16. Nd1 Qxd2+ 17. Kxd2 Ne8 18. Nf2 Bf6 19. Nd3 Na6 20. Be2 Bd8 21. b4 Bb5
22. a3 Nb8 23. Nb2 Bxe2 24. Nxe2 Nd7 25. Rhc1 Rcb8 26. Kd3 Bb6 27. Bd2 Bd8 28.
Rc2 b5 29. Rc6 Ndf6 30. Rg1 Bb6 31. Be3 Bxe3 32. Kxe3 Kf8 33. h6 Ng8 34. g5 Ne7
35. Rcc1 Rc8 36. f4 exf4+ 37. Kxf4 Rxc1 38. Rxc1 Rc8 39. Rxc8 Nxc8 40. Nd4 Nc7
41. Nd1 Ke7 42. Nc3 Nb6 43. Ncxb5 Nxb5 44. Nxb5 Nc4 45. Nc3 Nxa3 46. Nxa4 f6
47. Nc3 Nc4 48. b5 fxg5+ 49. Kxg5 Ne5 50. Ne2 Nf7+ 51. Kf4 Kd7 52. Nd4 Kc7 53.
Ne6+ Kb6 54. Nf8 Nxh6 55. Nxh7 Nf7 56. Nf8 g5+ 57. Kf5 Kxb5 58. Ne6 g4 59. Kxg4
Kc4 60. Kf5 Kd3 61. Nf4+ Kd4 62. Ke6 Ng5+ 63. Kxd6 Kxe4 64. Ne2 Nf7+ 65. Kc5
Ke5 66. Nd4 Kf6 67. Nc6 Kf5 68. Ne7+ Kf6 69. Nc8 Ke5 70. Nb6 Kf6 71. Kc6 Ke7
72. Kc7 Nd6 73. Kc6 Nf5 74. Nc4 Kd8 75. d6 Nxd6 1/2-1/2

[Event "PNWCC-Pirot Hybrid #3"]
[Site "chess.com INT"]
[Date "2021.10.23"]
[Round "2"]
[White "Pavlovic, G1."]
[Black "Gedajlovic, Max"]
[Result "1/2-1/2"]
[WhiteElo "2349"]
[BlackElo "2337"]
[PlyCount "76"]
[EventDate "2021.10.23"]
[EventType "team"]
[EventRounds "4"]
[EventCountry "NET"]
[Source "Mark Crowther"]
[SourceDate "2021.11.01"]
[WhiteTeam "Pirot"]
[BlackTeam "PNWCC"]

1. d4 Nf6 2. Nf3 e6 3. c4 b6 4. Nc3 Bb7 5. Bg5 Be7 6. e3 Ne4 7. Bxe7 Qxe7 8.
Rc1 d6 9. Bd3 Nxc3 10. Rxc3 e5 11. Bb1 O-O 12. O-O Nd7 13. d5 f5 14. b4 a5 15.
a3 axb4 16. axb4 c6 17. dxc6 Bxc6 18. Nd2 g6 19. Qb3 Kh8 20. f3 Nf6 21. Qb2 Qa7
22. b5 Be8 23. Rd3 Qc7 24. Rd1 Rd8 25. Qb4 Bf7 26. Nf1 Qxc4 27. Qxc4 Bxc4 28.
Rxd6 Rxd6 29. Rxd6 Bxb5 30. Rxb6 Bxf1 31. Kxf1 Nd5 32. Rb3 f4 33. exf4 exf4 34.
g3 Re8 35. Be4 Nf6 36. Bb1 Nd5 37. Be4 Nf6 38. Bb1 Nd5 1/2-1/2

[Event "PNWCC-Pirot Hybrid #2"]
[Site "chess.com INT"]
[Date "2021.10.16"]
[Round "1"]
[White "Gedajlovic, Max"]
[Black "Radovanovic, Nik"]
[Result "0-1"]
[WhiteElo "2337"]
[BlackElo "2411"]
[PlyCount "92"]
[EventDate "2021.10.16"]
[EventType "team"]
[EventRounds "4"]
[EventCountry "NET"]
[Source "Mark Crowther"]
[SourceDate "2021.11.01"]
[WhiteTeam "PNWCC"]
[BlackTeam "Pirot"]

1. d4 d6 2. c4 e5 3. d5 Be7 4. Nc3 a5 5. Nf3 Nf6 6. h3 O-O 7. e4 Na6 8. Be3 Ne8
9. g4 Bd7 10. Qd2 c6 11. Be2 Qb8 12. Na4 Bd8 13. Nb6 Bxb6 14. Bxb6 a4 15. Rc1
c5 16. g5 f5 17. gxf6 Nxf6 18. Qe3 Nc7 19. Rg1 Nce8 20. Nxe5 dxe5 21. Bxc5 Rf7
22. Bb4 b6 23. Bc3 b5 24. Rg5 Re7 25. Bb4 Nd6 26. Bxd6 Qxd6 27. c5 Qc7 28. Kf1
Rf7 29. c6 Bc8 30. Bxb5 Nxe4 31. Qxe4 Qb6 32. Qe2 Bxh3+ 33. Kg1 Raf8 34. Qe3
Qxb5 35. Qxh3 Qxb2 36. Rf1 Rxf2 37. Rxg7+ Kxg7 38. Qg3+ Kh8 39. Rxf2 Qc1+ 40.
Kh2 Qh6+ 41. Kg2 Rg8 42. Qxg8+ Kxg8 43. Kg3 Qe3+ 44. Rf3 Qc5 45. Rd3 e4 46. Rd1
Qe3+ 0-1

[Event "PNWCC-Pirot Hybrid #2"]
[Site "chess.com INT"]
[Date "2021.10.16"]
[Round "2"]
[White "Radovanovic, Nik"]
[Black "Gedajlovic, Max"]
[Result "1/2-1/2"]
[WhiteElo "2411"]
[BlackElo "2337"]
[PlyCount "35"]
[EventDate "2021.10.16"]
[EventType "team"]
[EventRounds "4"]
[EventCountry "NET"]
[Source "Mark Crowther"]
[SourceDate "2021.11.01"]
[WhiteTeam "Pirot"]
[BlackTeam "PNWCC"]

1. d4 Nf6 2. c4 e6 3. Nc3 Bb4 4. g3 Bxc3+ 5. bxc3 d6 6. Bg2 O-O 7. Nf3 Nc6 8.
Qd3 e5 9. Nd2 Qe7 10. O-O Re8 11. e4 b6 12. Re1 Ba6 13. Nb3 Nd7 14. Be3 f6 15.
f4 Qf7 16. d5 Nd8 17. a4 Nb7 18. a5 1/2-1/2

[Event "PNWCC-Pirot Hybrid #2"]
[Site "chess.com INT"]
[Date "2021.10.17"]
[Round "3"]
[White "Gedajlovic, Max"]
[Black "Milenkovic, Ml"]
[Result "1/2-1/2"]
[WhiteElo "2337"]
[BlackElo "2341"]
[PlyCount "117"]
[EventDate "2021.10.16"]
[EventType "team"]
[EventRounds "4"]
[EventCountry "NET"]
[Source "Mark Crowther"]
[SourceDate "2021.11.01"]
[WhiteTeam "PNWCC"]
[BlackTeam "Pirot"]

1. d4 Nf6 2. c4 e6 3. Nf3 b6 4. g3 Bb7 5. Bg2 c5 6. d5 exd5 7. Nh4 g6 8. Nc3
Bg7 9. O-O O-O 10. Bg5 Re8 11. Nxd5 Bxd5 12. Bxd5 Nc6 13. Qd2 Qc7 14. Bf4 Qb7
15. Bf3 b5 16. Rac1 Rac8 17. Be3 bxc4 18. Rxc4 Qa6 19. Rxc5 Qxa2 20. Bf4 Bf8
21. Rcc1 Bb4 22. Qc2 Ne7 23. Qb1 Qxb1 24. Rxb1 Ned5 25. Ng2 Nxf4 26. Nxf4 Rc2
27. Rfd1 Bd2 28. Nd3 g5 29. Kf1 g4 30. Bg2 Ba5 31. e3 Bd2 32. Ra1 a5 33. Ra4
Rb8 34. Rd4 Bb4 35. e4 Bc5 36. Ra4 Bb4 37. e5 Ne8 38. Nxb4 Rxb4 39. Rxb4 axb4
40. Rxd7 Nc7 41. Be4 Rc5 42. Rd4 b3 43. Bd3 h5 44. Bc4 Ne6 45. Bxe6 fxe6 46.
Rb4 Rxe5 47. Rxb3 Kf7 48. Re3 Rc5 49. Re1 Rb5 50. Rb1 Rb3 51. Ke2 e5 52. Kd1
Ke6 53. Kc2 Rf3 54. Rf1 e4 55. Kd2 Ke5 56. b4 Rb3 57. Ra1 Rxb4 58. Ke3 Rb3+ 59.
Ke2 1/2-1/2

[Event "PNWCC-Pirot Hybrid #2"]
[Site "chess.com INT"]
[Date "2021.10.17"]
[Round "4"]
[White "Milenkovic, Ml"]
[Black "Gedajlovic, Max"]
[Result "1/2-1/2"]
[WhiteElo "2341"]
[BlackElo "2337"]
[PlyCount "58"]
[EventDate "2021.10.16"]
[EventType "team"]
[EventRounds "4"]
[EventCountry "NET"]
[Source "Mark Crowther"]
[SourceDate "2021.11.01"]
[WhiteTeam "Pirot"]
[BlackTeam "PNWCC"]

1. e4 e6 2. d4 d5 3. Bd3 dxe4 4. Bxe4 Nf6 5. Bf3 c5 6. Ne2 Nc6 7. Be3 cxd4 8.
Nxd4 Ne5 9. Nc3 Bb4 10. Ndb5 Nxf3+ 11. Qxf3 a6 12. Rd1 Qe7 13. a3 axb5 14. axb4
Qxb4 15. Bd4 e5 16. Bxe5 Bg4 17. Qe3 O-O 18. Rd4 Qxd4 19. Qxd4 Rfd8 20. Qxd8+
Rxd8 21. Bxf6 gxf6 22. f3 Bf5 23. Ne4 Bxe4 24. fxe4 Rd4 25. O-O Rd2 26. Rf2
Rd1+ 27. Rf1 Rd2 28. Rf2 Rd1+ 29. Rf1 Rd2 1/2-1/2